Jurnal Filsafat | Universitas Gadjah Mada

Մատենագիտական մանրամասներ
Ձևաչափ: Էլեկտրոնային Ամսագիր
Լեզու:English
Հրապարակվել է: Cambridge University Press
Առցանց հասանելիություն:Full text available on Research4Life (HINARI,AGORA,OARE,ARDI & GOALI)
LEADER 00743cas a2200181 a 4500
001 AALejournalResearch4Life005191
008 240902c9999 xx r poo 0 0eng d
022 |a 25286811 
022 |a 8531870 
040 |a BD-DhAAL  |c BD-DhAAL 
245 0 0 |h [electronic resource]  |a Jurnal Filsafat | Universitas Gadjah Mada 
260 |b Cambridge University Press 
300 |a 1 online resource 
362 0 |a 2015 - current issue 
500 |a <strong>On-Campus Access Only (IP based access)</strong> 
506 |a Electronic access restricted to authorized BRAC University faculty, staff and students 
538 |a Mode of access: Internet 
856 4 0 |z Full text available on Research4Life (HINARI,AGORA,OARE,ARDI & GOALI)  |u https://jurnal.ugm.ac.id/wisdom/index